Kombinované předpovědi

Rôzne extrapolačné predpovede tých istých časových radov získané rôznymi predpovednými metódami. Teoretický prístup k získaniu nových predpovedí agregáciou informácií získaných rôznymi metódami kombinovaním predpovedí, aby sa dosiahla kvalitatívne lepšia predpoveď.

Salvato in:
Dettagli Bibliografici
Autore principale: Blatná, Dagmar
Natura: Capitolo di libro
Lingua:ceco
Soggetti:
Tags: Aggiungi Tag
Nessun Tag, puoi essere il primo ad aggiungerne!!

MARC

LEADER 00000naa a2200000 4500
001 r015698
005 20230113115846.3
041 0 |a cze 
044 |a CZ 
245 1 0 |a Kombinované předpovědi  |c Dagmar Blatná 
520 |a Rôzne extrapolačné predpovede tých istých časových radov získané rôznymi predpovednými metódami. Teoretický prístup k získaniu nových predpovedí agregáciou informácií získaných rôznymi metódami kombinovaním predpovedí, aby sa dosiahla kvalitatívne lepšia predpoveď. 
610 2 0 |a rady časové 
610 2 0 |a prognózovanie 
610 2 0 |a metodológia 
610 2 0 |a agregácia 
100 1 |a Blatná, Dagmar